| 000 | 01134nam a2200301 a 4500 | ||
|---|---|---|---|
| 001 | 000021786 | ||
| 005 | 20241017090756.0 | ||
| 008 | 100913s2006 dr 001 0 spa d | ||
| 020 | _a9945068105 | ||
| 040 |
_aDO-SdBNP _bspa _cBNPHU |
||
| 082 |
_a467.9729383 _bE79h |
||
| 100 | 1 |
_aEstévez Aristy, Justiniano, _d1962- _93212 |
|
| 245 | 1 | 0 |
_aHuellas aborígenes en el nombre de La Romana / _cJustiniano Estévez Aristy. |
| 260 |
_aSanto Domingo : _bJunta Cultura Dominicana, _c2006. |
||
| 300 |
_a58 p. ; _c22 cm. |
||
| 490 | 1 |
_aPedro Mir _v1 |
|
| 500 | _aIncluye datos biográficos del autor en las solapas de la cubierta. | ||
| 504 | _aBibliografía : p. 55-58 | ||
| 590 | _aInventariado, 2018/LP | ||
| 650 | 4 |
_aLinguística antropológica _xHistoria _zLa Romana (República Dominicana{Rpara} _945256 |
|
| 650 | 4 |
_aIndigenas de las antillas _xHistoria _zRepública Dominicana _945257 |
|
| 650 | 4 |
_aTainos _xHistoria _945258 |
|
| 650 | 0 |
_aIdentidad colectiva _91723 |
|
| 650 | 4 |
_aLenguaje e historia _945259 |
|
| 650 | 4 |
_aLenguaje y lenguas _9407 |
|
| 830 | 0 |
_aPedro Mir ; _n1 _945260 |
|
| 910 | _aValidado. Control de calidad EMS | ||
| 999 |
_c21285 _d21285 |
||